000 00585nam a2200229Ia 4500
003 OSt
005 20221005114318.0
006 a|||||r|||| 00| 0
007 ta
008 221004b |||||||| |||| 00| 0 eng d
024 _a42228
037 _cTextual
040 _aCRL
_cCRL
_beng
041 _2eng
_aeng
082 _aO122:2N10:12, 111J1
100 _aAnouilh Jean
245 0 _aArdele
_b A play in three acts
260 _c1951
650 _aENGLISH LITERATURE
942 _hO122:2N10:12, 111J1
_cTEXL
_2cc
999 _c1030931
_d1030931